000 00627nam a2200217Ia 4500
008 131103s9999 xx 000 0 und d
020 _cRs.10 00
040 _aLoreto College
041 _aEnglish
082 _a157/COL
_bLCLIB(Press)/17322
100 _aColeman, James C.
245 _aAbnormal psychology and modern life
_cJames C. Coleman
250 _a3rd ed.
260 _aBombay
_bD B Taraporevala
_c1969c
300 _a694p
_b ill.
_c 24cm
504 _aIncludes bibliographical references, glossary and index
650 _aAbnormal psychology
651 _aPsychology
850 _aLCLIB/157/COL
942 _cBK
999 _c24824
_d75303